banner-ar

الاراضى الجافة وشبه الجافة / (Record no. 41707)

MARC details
000 -الفاتح
حقل البيانات ثابتة الطول 00486nam a2200169Ia 4500
008 - عناصر البيانات ثابتة الطول - معلومات عامة
حقل البيانات ثابتة الطول 140319s9999 xx 000 0 ara d
040 ## - مصدر الفهرسة
وكالة الفهرسة الأصلية GCL /
وكالة النسخ GCL
082 04 - رقم تصنيف ديوى العشرى
رقم التصنيف 910.02
رقم المادة ج ا
100 1# - المدخل الرئيسى - إسم شخصى
الإسم الشخصى جودة حسنين جودة
245 10 - بيان العنوان
العنوان الاراضى الجافة وشبه الجافة /
بيان المسئوليه,etc جودة حسنين جودة
300 ## - الوصف المادى
التعداد 400 ص
490 ## - بيان السلسلة
عنوان السلسلة كتاب
رقم المجلد/ التعيين التسلسلي 0
650 04 - المدخل الاضافى بالموضوع-مصطلح موضوعى
مصطلح موضوعي الجغرافيا الطبيعية
650 04 - المدخل الاضافى بالموضوع-مصطلح موضوعى
مصطلح موضوعي جيولوجيا
942 ## - عناصر المدخل الإضافي( كوها)
مصدر التصنيف او مخطط الترفيف Dewey Decimal Classification
Koha [default] item type كتاب
Holdings
حالة التراجع حالة الفقد حالة تلف ليس للاعارة المكان المؤقت الموقع الحالى تاريخ الاكتساب اجمالي اﻻعارات رقم الطلب الباركود تاريخ اخر مشاهدة تاريخ تفعيل السعر نوع وعاء كوها
        مكتبة القاهرة الكبرى مكتبة القاهرة الكبرى 03/26/2014   910.02\ج ا 100752 03/26/2014 03/26/2014 كتاب
        مكتبة القاهرة الكبرى مكتبة القاهرة الكبرى 03/26/2014   910.02\ج ا 100753 03/26/2014 03/26/2014 كتاب
        مكتبة القاهرة الكبرى مكتبة القاهرة الكبرى 03/26/2014   910.02\ج ا 100754 03/26/2014 03/26/2014 كتاب

Powered By

EGPV